|
|
|
|
| LEADER |
00000naa2a2200000 4500 |
| 001 |
540205 |
| 005 |
20240206091336.0 |
| 035 |
|
|
|a (RuTPU)RU\TPU\prd\230112
|
| 035 |
|
|
|a RU\TPU\prd\230111
|
| 090 |
|
|
|a 540205
|
| 100 |
|
|
|a 20150122a2002 k y0rusy50 ca
|
| 101 |
0 |
|
|a rus
|
| 102 |
|
|
|a RU
|
| 200 |
1 |
|
|a Влияние модифицирования пентасилов щелочноземельными металлами на их кислотные и каталитические свойства в сопряженном процессе конверсии метанола и пропан-бутановой фракции
|f В. И. Ерофеев [и др.]
|
| 320 |
|
|
|a Библиогр.: с. 772 (6 назв.)
|
| 461 |
|
1 |
|0 (RuTPU)RU\TPU\prd\164
|t Журнал прикладной химии
|o химический журнал
|f Российская академия наук
|d 1928-
|
| 463 |
|
1 |
|0 (RuTPU)RU\TPU\prd\84109
|t Т. 75, вып. 5
|v С. 770-772
|d 2002
|
| 610 |
1 |
|
|a модифицирование
|
| 610 |
1 |
|
|a пентасилы
|
| 610 |
1 |
|
|a щелочно-земельные металлы
|
| 610 |
1 |
|
|a кислотные свойства
|
| 610 |
1 |
|
|a каталитические свойства
|
| 610 |
1 |
|
|a сопряженные процессы
|
| 610 |
1 |
|
|a конверсия
|
| 610 |
1 |
|
|a метанолы
|
| 610 |
1 |
|
|a пропан-бутановые фракции
|
| 701 |
|
1 |
|a Ерофеев
|b В. И.
|c специалист в области нефтегазового дела
|c профессор Томского политехнического университета, доктор технических наук
|f 1946-
|g Владимир Иванович
|3 (RuTPU)RU\TPU\pers\26104
|9 11934
|
| 701 |
|
1 |
|a Шабалина
|b Л. Б.
|
| 701 |
|
1 |
|a Коваль
|b Л. М.
|
| 701 |
|
1 |
|a Минакова
|b Т. С.
|
| 801 |
|
1 |
|a RU
|b 63413507
|c 20040413
|g PSBO
|
| 801 |
|
2 |
|a RU
|b 63413507
|c 20160422
|g RCR
|
| 942 |
|
|
|c BK
|